Effective documentation for occupational therapy. (2nd ed.) (Record no. 63804)

MARC details
000 -LEADER
fixed length control field 01495nam a2200217 a 4500
008 - FIXED-LENGTH DATA ELEMENTS--GENERAL INFORMATION
fixed length control field 110907s1998 ||||||||||||||||| || u
020 ## - INTERNATIONAL STANDARD BOOK NUMBER
International Standard Book Number 1569000913
050 ## - LIBRARY OF CONGRESS CALL NUMBER
Classification number RM 35 Eff
100 ## - MAIN ENTRY--PERSONAL NAME
Personal name Acquaviva, Jane D
245 10 - TITLE STATEMENT
Title Effective documentation for occupational therapy. (2nd ed.)
Statement of responsibility, etc. edited by Jane D. Acquaviva
250 ## - EDITION STATEMENT
Edition statement 2nd ed.
260 ## - PUBLICATION, DISTRIBUTION, ETC.
Place of publication, distribution, etc. Bethesda, MD
Name of publisher, distributor, etc. American Occupational Therapy Association
Date of publication, distribution, etc. 1998
300 ## - PHYSICAL DESCRIPTION
Extent ix, 407p.: ill.
350 ## -
-- 0.00
650 ## - SUBJECT ADDED ENTRY--TOPICAL TERM
Topical term or geographic name entry element OCCUPATIONAL THERAPY--DOCUMENTATION
995 ## -
-- MICHAEL CHILUFYA SATA OPEN ACCESS
-- 0.00
-- 900529
-- CBU-SCHOOL OF MEDICINE LIBRARY (Ndola)
-- 1
-- 0.00
-- RM 35 EFF
-- 2
-- AVAILABLE
-- Oct 18, 2011
-- 900529
-- Medical Library Open Access Collection
995 ## -
-- MEDICAL LIBRARY OPEN ACCESS
-- 0.00
-- 900528
-- CBU-SCHOOL OF MEDICINE LIBRARY (Ndola)
-- 1
-- 0.00
-- RM 35 EFF
-- 1
-- AVAILABLE
-- Oct 18, 2011
-- 900528
-- Medical Library Open Access Collection
995 ## -
-- MEDICAL LIBRARY OPEN ACCESS
-- 0.00
-- 900532
-- CBU-SCHOOL OF MEDICINE LIBRARY (Ndola)
-- 1
-- 0.00
-- RM 35 EFF
-- 5
-- AVAILABLE
-- Oct 18, 2011
-- 900532
-- Medical Library Open Access Collection
995 ## -
-- MICHAEL CHILUFYA SATA OPEN ACCESS
-- 0.00
-- 900530
-- CBU-SCHOOL OF MEDICINE LIBRARY (Ndola)
-- 1
-- 0.00
-- RM 35 EFF
-- 3
-- AVAILABLE
-- Oct 18, 2011
-- 900530
-- Medical Library Open Access Collection
995 ## -
-- MICHAEL CHILUFYA SATA OPEN ACCESS
-- 0.00
-- 900531
-- CBU-SCHOOL OF MEDICINE LIBRARY (Ndola)
-- 1
-- 0.00
-- RM 35 EFF
-- 4
-- AVAILABLE
-- Oct 18, 2011
-- 900531
-- Medical Library Open Access Collection
999 ## -
-- 63804
-- 63804
Holdings
Withdrawn status Lost status Source of classification or shelving scheme Damaged status Not for loan Permanent Location Current Location Shelving location Date acquired Total Checkouts Full call number Barcode Date last seen Copy number Price effective from Koha item type
          CBU-MICHAEL CHILUFYA SATA LIBRARY CBU-MICHAEL CHILUFYA SATA LIBRARY   02/01/2023   RM 35 Eff 900529 02/01/2023 1 02/01/2023 MONOGRAPH
          CBU-MICHAEL CHILUFYA SATA LIBRARY CBU-MICHAEL CHILUFYA SATA LIBRARY   02/01/2023   RM 35 Eff 900530 02/01/2023 4 02/01/2023 MONOGRAPH
          CBU-MICHAEL CHILUFYA SATA LIBRARY CBU-MICHAEL CHILUFYA SATA LIBRARY   02/01/2023   RM 35 Eff 900531 02/01/2023   02/01/2023 MONOGRAPH
          CBU-SCHOOL OF MEDICINE LIBRARY, NDOLA. CBU-SCHOOL OF MEDICINE LIBRARY, NDOLA.   02/01/2023   RM 35 Eff 900528 02/01/2023 2 02/01/2023 MONOGRAPH
          CBU-SCHOOL OF MEDICINE LIBRARY, NDOLA. CBU-SCHOOL OF MEDICINE LIBRARY, NDOLA.   02/01/2023   RM 35 Eff 900532 02/01/2023 3 02/01/2023 MONOGRAPH